Cities in Maine by picture - Statistics

General Stats
  • This quiz has been taken 14 times
  • The average score is 5 of 16
Answer Stats
Picture Answer % Correct
Portland
100%
Bangor
73%
Lewiston
73%
South Portland
45%
Auburn
36%
Augusta
36%
Belfast
27%
Biddeford
27%
Brunswick
27%
Freeport
18%
Orono
18%
Rockland
18%
Saco
18%
Brewer
9%
Farmington
9%
Sanford
9%
No matching quizzes found
Score Distribution
Percent of People with Each Score
Percentile by Number Answered
Your Score History
You have not taken this quiz